000 00914pam a2200277 a 4500
001 3369498
003 OSt
005 20160622161002.0
008 871216s1988 mduaf b 001 0 eng c
010 _a 87037126
020 _a0683034413
040 _aDNLM/DLC
_cDLC
_dDLC
050 0 0 _aRC607.A26
_bA34573 1988
060 _aWY 150 A2885
082 0 0 _aQW 551
_bG27a 1988
245 0 0 _aAIDS :
_bconcepts in nursing practice /
_cedited by Gayling Gee, Theresa A. Moran.
260 _aBaltimore :
_bWilliams & Wilkins,
_c1988.
300 _axviii, 421 p., [1] leaf of plates :
_bcol.ill;
_c23 cm.
504 _aIncludes bibliographies and index.
650 0 _aAIDS (Disease)
_xNursing.
_99539
650 2 _aAcquired Immunodeficiency Syndrome
_xnursing.
_99540
700 1 _aGee, Gayling.
_99541
700 1 _aMoran, Theresa A.
_99542
906 _a7
_bcbc
_corignew
_d1
_eocip
_f19
_gy-gencatlg
942 _2ddc
_cO_SHELF
999 _c4443
_d4443